Junyer, 1954, The rook (postal)
Descripción Física:
1 targeta postal ; il·lustració en color ; 23 x 15 cm
Idioma:
Catalán
MARC
| LEADER | 00000nkm a22000007a 4500 | ||
|---|---|---|---|
| 001 | 25395 | ||
| 003 | Arxiu | ||
| 005 | 20260324181542.0 | ||
| 008 | 251222b spa||||| |||| 00| 0 cat d | ||
| 080 | |a NBM-13-65 | ||
| 100 | |a Junyer, Joan, |d 1904-1994 |9 53028 | ||
| 245 | |a Junyer, 1954, The rook (postal) | ||
| 260 | |a New York : |b Museu of Modern Art ; |c s.a. | ||
| 300 | |a 1 targeta postal ; |b il·lustració en color ; |c 23 x 15 cm | ||
| 500 | |a Prové del fons Joan Junyer i Pascual (1909-1994) | ||
| 650 | 0 | |a Fons Joan Junyer i Pascual (1909-1994) |9 72777 | |
| 650 | 0 | |a Escultura moderna--S. XX |9 72904 | |
| 655 | 0 | |a Targetes postals |9 52685 | |
| 710 | |a Museum of Modern Art (Nova York, Nova York, Estats Units d'Amèrica) |e entitat editora |9 72606 | ||
| 942 | |2 udc |c ARXIU |n 1 | ||
| 952 | |0 0 |1 0 |2 udc |4 0 |6 F504257 |7 1 |9 98843 |a Arxiu |b Arxiu |d 2025-12-22 |l 0 |o F-504-257 |p 29165 |r 2025-12-22 12:15:43 |w 2025-12-22 |y ARXIU | ||
| 999 | |c 130521 |d 130521 | ||